|
|
|
|
| LEADER |
01613nam a2200313 a 4500 |
| 001 |
4411398 |
| 008 |
090827s1992 bg bs 100 0 eng d |
| 010 |
|
|
|a 92907453
|
| 020 |
|
|
|c Tk75.00
|
| 040 |
|
|
|a DLC
|c DLC
|d DLC
|
| 082 |
0 |
0 |
|a 376/.65/095492
|2 20
|
| 245 |
0 |
0 |
|a Education and gender equity /
|c board of editors, Asfia Duza ... [et al.].
|
| 260 |
|
|
|a Dhaka, Bangladesh :
|b Women for Women,
|c 1992.
|
| 300 |
|
|
|a viii, 133 p. ;
|c 23 cm.
|
| 500 |
|
|
|a Cover title: Education and gender equity, Bangladesh.
|
| 504 |
|
|
|a Includes bibliographical references.
|
| 541 |
1 |
|
|e 00005012
|
| 650 |
|
0 |
|a Women
|x Education
|z Bangladesh
|x Congresses.
|
| 650 |
|
0 |
|a Educational equalization
|z Bangladesh
|x Congresses.
|
| 650 |
|
0 |
|a Education
|x Social aspects
|z Bangladesh
|x Congresses.
|
| 700 |
1 |
|
|a Duza, Asfia.
|
| 710 |
2 |
|
|a Women for Women (Organization : Bangladesh)
|
| 711 |
2 |
|
|a Three Day Convention on Education and Gender Equity
|d (1991 :
|c Dhaka, Bangladesh)
|
| 740 |
0 |
|
|a Education and gender equity, Bangladesh.
|
| 852 |
4 |
|
|a Ayesha Abed Library
|j General shelf
|
| 999 |
|
|
|c 3937
|d 3937
|
| 952 |
|
|
|0 0
|1 0
|2 ddc
|4 0
|6 376_650954920000000_DUZ_1992
|7 0
|8 NFIC
|9 3584
|a BRACUL
|b BRACUL
|c GEN
|d 2009-09-15
|g 75.00
|l 0
|o 376.65095492 DUZ
|p 3010005012
|r 2009-09-15
|t 1
|w 2009-09-15
|y BK
|
| 952 |
|
|
|0 0
|1 0
|2 ddc
|4 0
|6 376_650954920000000_DUZ_1992
|7 0
|8 NFIC
|9 10011
|a BRACUL
|b BRACUL
|c GEN
|d 2010-05-10
|g 75.00
|l 1
|m 4
|o 376.65095492 DUZ
|p 3010005372
|r 2013-04-27
|s 2013-04-01
|t 2
|w 2010-05-10
|y BK
|
| 952 |
|
|
|0 0
|1 0
|2 ddc
|4 0
|6 376_650954920000000_DUZ_1992
|7 0
|8 NFIC
|9 10012
|a BRACUL
|b BRACUL
|c GEN
|d 2010-05-10
|l 0
|o 376.65095492 DUZ
|p 3010007486
|r 2010-05-10
|t 3
|w 2010-05-10
|y BK
|